| 000 | 00429nam a2200157Ia 4500 | ||
|---|---|---|---|
| 008 | 230312s9999||||xx |||||||||||||| ||und|| | ||
| 020 | _a1-56852-398-x | ||
| 082 |
_a629.4584 _bARM-F |
||
| 100 | _aCLARKE ARTHUR, C. | ||
| 245 | 0 | _aFIRST ON THE MOON | |
| 260 |
_bLITTLE ,BROWN AND COMPANY INC. _aNew York |
||
| 300 | _a434 | ||
| 546 | _aEng. | ||
| 650 |
_aEngineering _vQuiet here inmission control , into vasty Deep |
||
| 942 | _cBK | ||
| 999 |
_c1207 _d1207 |
||